000 01023nas a2200325 4500
001 BR0003859
003 BR-BrBNA
005 20231205101959.0
007 ta
008 230509b bl.|||p| |||| 00| 00por d
040 _aBR-BrBNA
_bpor
_cBiblioteca Nacional de Agricultura
041 _a(Pt)
072 _aN20; H50
100 1 _aChaim, A.
100 1 _aPessoa, M.C.P.Y.
100 1 _aCastro, V.L.S.S. de
100 1 _aFerracini, V.L.
100 1 _aGalvao, J.A.H.
245 1 _aComparacao de pulverizadores para tratamento da cultura do tomate estaqueado: avaliacao da deposicao e contaminacao de aplicadores
650 _aTomate
650 _aPulverizador
650 _aContaminacao
650 _aAplicacao Aerea
650 _aResiduo
650 _aFungicida
650 _aMetodo de Aplicacao
773 0 _tPesticidas. Revista de Ecotoxicologia e Meio Ambiente (Brazil)
_xISSN 0103-7277
_g(Jan-Dec 1999), v. 9 p. 65-74
_wBR0003859
909 _a202311
_bLúcia
_c55
_dLúcia Elande
942 _2AGRIS
_n0
_cANA
999 _c165070
_d165070